|
|
|
|
| LEADER |
00000nam2a2200000 4500 |
| 001 |
353338 |
| 005 |
20231102010601.0 |
| 035 |
|
|
|a (RuTPU)RU\TPU\retro\10552
|
| 035 |
|
|
|a RU\TPU\retro\10545
|
| 090 |
|
|
|a 353338
|
| 100 |
|
|
|a 20200327d1970 k y0rusy50 ca
|
| 101 |
0 |
|
|a rus
|
| 102 |
|
|
|a RU
|
| 200 |
0 |
|
|a № 317: Экономика и организация машиностроительного производства
|e [сборник]
|f под ред. В. С. Смирнова
|
| 210 |
|
|
|a Ленинград
|c Машиностроение
|d 1970
|
| 215 |
|
|
|a 112 стр.
|
| 461 |
|
1 |
|0 (RuTPU)RU\TPU\retro\9721
|t Труды Ленинградского политехнического института имени М. И. Калинина
|o [сборник]
|f Ленинградский политехнический институт им. М. И. Калинина (ЛПИ)
|v № 317: Экономика и организация машиностроительного производства
|d 1941-
|
| 606 |
1 |
|
|a Машиностроительное производство
|2 stltpush
|3 (RuTPU)RU\TPU\subj\73390
|9 86422
|
| 606 |
1 |
|
|a Экономика
|2 stltpush
|3 (RuTPU)RU\TPU\subj\26549
|9 50450
|
| 606 |
1 |
|
|a Организация производства
|2 stltpush
|3 (RuTPU)RU\TPU\subj\36564
|9 57896
|
| 610 |
1 |
|
|a научно-технический прогресс
|
| 610 |
1 |
|
|a фактор времени
|
| 610 |
1 |
|
|a прогнозирование
|
| 610 |
1 |
|
|a издержки
|
| 610 |
1 |
|
|a научные исследования
|
| 610 |
1 |
|
|a оснащенность
|
| 610 |
1 |
|
|a капиталовложения
|
| 610 |
1 |
|
|a дизельные двигатели
|
| 610 |
1 |
|
|a проектирование
|
| 610 |
1 |
|
|a отраслевое производство
|
| 610 |
1 |
|
|a электронная промышленность
|
| 610 |
1 |
|
|a режущий инструмент
|
| 610 |
1 |
|
|a материальные поощрения
|
| 610 |
1 |
|
|a производительность труда
|
| 610 |
1 |
|
|a технологическая оснастка
|
| 702 |
|
1 |
|a Смирнов
|b В. С.
|4 340
|
| 801 |
|
1 |
|a RU
|b 63413507
|c 20160623
|
| 801 |
|
2 |
|a RU
|b 63413507
|c 20200208
|g RCR
|
| 801 |
|
2 |
|a RU
|b 63413507
|c 20200327
|g RCR
|
| 942 |
|
|
|c BK
|